HEADACHE, OROFACIAL PAIN AND BRUXISM : DIAG. AND MULTIDISCIPLINARY APP. TO MGT. (Record no. 799177)

MARC details
000 -LEADER
fixed length control field 00424pam a2200145 a 4500
020 ## - INTERNATIONAL STANDARD BOOK NUMBER
International Standard Book Number 9780443103100
Terms of availability
041 ## - LANGUAGE CODE
Language code of original
082 ## - DEWEY DECIMAL CLASSIFICATION NUMBER
Classification number 617.3
Item number SEL/NIE
100 ## - MAIN ENTRY--PERSONAL NAME
Personal name SELVARATHAM P., NIERE K, ZULUAGA M.
245 ## - TITLE STATEMENT
Title HEADACHE, OROFACIAL PAIN AND BRUXISM : DIAG. AND MULTIDISCIPLINARY APP. TO MGT.
Medium Textual Documents
260 ## - PUBLICATION, DISTRIBUTION, ETC.
Name of publisher, distributor, etc. CHURCHILL LIVING STONE
Date of publication, distribution, etc. 2009
300 ## - PHYSICAL DESCRIPTION
Extent 382:
Other physical details XVI;
Dimensions HB.
650 ## - SUBJECT ADDED ENTRY--TOPICAL TERM
Topical term or geographic name entry element ORTHO
930 ## - EQUIVALENCE OR CROSS-REFERENCE-UNIFORM TITLE HEADING [LOCAL, CANADA]
Uniform title 4649
Holdings
Withdrawn status Lost status Damaged status Not for loan Collection Home library Current library Date acquired Source of acquisition Cost, normal purchase price Total Checkouts Full call number Barcode Date last seen Copy number Price effective from Koha item type
          Medical College & Hospital, Sangli Medical College & Hospital, Sangli 22/07/2011 B.M.S.G.B.PUNE 3387.23   617.3 SEL/NIE MCS-9543 26/07/2023 1 26/07/2023 Book